Nejkrásnější dárek /
Dvanáct young adult povídek od různých českých autorů spojuje společné téma - Vánoce.
Uloženo v:
| Hlavní autor: | |
|---|---|
| Další autoři: | , , , , , , , , , , |
| Médium: | E-kniha |
| Jazyk: | Czech |
| Vydáno: |
Praha :
Euromedia Group,
2020
|
| Vydání: | Vydání první |
| Edice: | Yoli
|
| Témata: | |
| Tagy: |
Žádné tagy |
| LEADER | 03636nam a2200697 i 4500 | ||
|---|---|---|---|
| 001 | 311269 | ||
| 003 | CZ PrSKC | ||
| 005 | 20260601215702.0 | ||
| 007 | ta | ||
| 008 | 201105s2020 xr a d 000 j cze | ||
| 015 | |a cnb003254581 | ||
| 020 | |a 9788024270401 |q (vázáno) : |c Kč 319,00 | ||
| 035 | |a (OCoLC)1230105643 | ||
| 040 | |a ABG001 |b cze |d BOA001 |d ABA001 |e rda | ||
| 045 | |a y-y- | ||
| 072 | 7 | |a 821.162.3-3 |x Česká próza |2 Konspekt | |
| 072 | 7 | |a 821-93 |x Literatura pro děti a mládež (beletrie) |2 Konspekt | |
| 080 | |a 821.162.3-32 |2 MRF | ||
| 080 | |a 821-93 |2 MRF | ||
| 080 | |a 27-565.3 |2 MRF | ||
| 080 | |a (0:82-32) |2 MRF | ||
| 080 | |a (082.21) |2 MRF | ||
| 100 | 1 | |a Musilová, Anna, |d 1996- |7 hka2018998595 |4 aut | |
| 245 | 1 | 0 | |a Nejkrásnější dárek / |c Anna Musilová, Jolana Hanáková, Magdalena Mintová, Sam Xabyssus, Kateřina Šardická, Aleš Novotný, Theo Addair, Martina Mátlová, Alžběta Bílková, Veronika Burgerová, Radek Blažek, Klára Nováková |
| 250 | |a Vydání první | ||
| 264 | 1 | |a Praha : |b Euromedia Group, |c 2020 | |
| 300 | |a 227 stran : |b barevné ilustrace ; |c 20 cm | ||
| 336 | |a text |b txt |2 rdacontent | ||
| 337 | |a bez média |b n |2 rdamedia | ||
| 338 | |a svazek |b nc |2 rdacarrier | ||
| 490 | 1 | |a Yoli | |
| 500 | |a Podnázev v tiráži: antologie českých young adult povídek | ||
| 520 | 2 | |a Dvanáct young adult povídek od různých českých autorů spojuje společné téma - Vánoce. |b Soubor dvanácti young adult povídek českých autorů spojených obdobím vánočních svátků. S jednotlivými hrdiny se vydáte po stopách vánočního zločinu, uváznete v kavárně za sněhové kalamity nebo podniknete odvážný pokus o záchranu vánočních kaprů. Jenže Vánoce nejsou jen obdobím klidu a pohody. Mnohdy jsou to svátky melancholie a smutku a naši hrdinové tak krom šťastných okamžiků prožijí i nejedno zklamání, bolest a ztrátu. Ale kdy jindy než o Vánocích si můžeme dovolit doufat ve šťastné konce? Nakladatelská anotace. Kráceno. | |
| 648 | 7 | |a 21. století |7 ch460559 |2 czenas | |
| 650 | 0 | 7 | |a česká povídka |7 ph128146 |y 21. století |2 czenas |
| 650 | 0 | 7 | |a Vánoce |7 ph117162 |2 czenas |
| 650 | 0 | 9 | |a Czech short stories |y 21st century |2 eczenas |
| 650 | 0 | 9 | |a Christmas |2 eczenas |
| 655 | 7 | |a české povídky |7 fd133971 |2 czenas | |
| 655 | 7 | |a antologie |7 fd131819 |2 czenas | |
| 655 | 7 | |a publikace pro mládež |7 fd133157 |2 czenas | |
| 655 | 9 | |a Czech short stories |2 eczenas | |
| 655 | 9 | |a anthology |2 eczenas | |
| 655 | 9 | |a juvenile literature |2 eczenas | |
| 700 | 1 | |a Hanáková, Jolana |7 jo20201096489 |4 aut | |
| 700 | 1 | |a Mintová, Magdalena, |d 1996- |7 xx0219165 |4 aut | |
| 700 | 1 | |a Xabyssus, Sam, |d 1992- |7 mzk2018994744 |4 aut | |
| 700 | 1 | |a Šardická, Kateřina, |d 1991- |7 xx0235576 |4 aut | |
| 700 | 1 | |a Novotný, Aleš, |d 1990- |7 xx0241674 |4 aut | |
| 700 | 1 | |a Addair, Theo |7 xx0222452 |4 aut | |
| 700 | 1 | |a Mátlová, Martina |7 jo20201096491 |4 aut | |
| 700 | 1 | |a Bílková, Alžběta, |d 1994- |7 osa2018992806 |4 aut | |
| 700 | 1 | |a Burgerová, Veronika, |d 1999- |7 jo2013742191 |4 aut | |
| 700 | 1 | |a Blažek, Radek, |d 1991- |7 xx0253640 |4 aut | |
| 700 | 1 | |a Nováková, Klára, |d 1998- |7 xx0234171 |4 aut | |
| 830 | 0 | |a Yoli | |
| 900 | |a ABA001 |b 19 | ||
| 044 | |a xr | ||
| 910 | |a RBIT002 | ||
| 998 | |d 294620 |a https://core.palmknihy.cz/api/books/294620/cover?t0u84x |b https://core.palmknihy.cz/api/books/294620/cover/400?t0u84x |c https://core.palmknihy.cz/api/books/294620/cover/50?t0u84x |e 2027-05-05 |g 232 |i 9788024270401 |j https://core.palmknihy.cz/api/books/294620/preview.epub |l |q 49 |r 1 |s https://www.palmknihy.cz/kniha/294620 |t ebook |y 2020 |z 0 | ||
| 999 | |d 311267 | ||